000 00715nas a2200229 4500
001 BR8700971
003 BR-BrBNA
005 20231205090554.0
007 ta
008 230509b bl.|||p| |||| 00| 00por d
040 _aBR-BrBNA
_bpor
_cBiblioteca Nacional de Agricultura
041 _a(Pt)
072 _aF01
110 1 _aCentro do Comercio de Cafe, Rio de Janeiro, RJ (Brasil)
_91682
245 1 _aEspecial Sao Paulo: maior produtor de cafe [Brasil]
650 _aCAFE
650 _aPRODUCAO VEGETAL
650 _aSAO PAULO
773 0 _tRevista do Comercio de Cafe (Brazil)
_xISSN 0034-9224
_g(Oct 1984), v. 64(701) p. 5-17
_wBR8700971
909 _a202311
_bLúcia
_c55
_dLúcia Elande
942 _2AGRIS
_n0
_cANA
999 _c119425
_d119425